| 000 | 01046nam a2200301Ia 4500 | ||
|---|---|---|---|
| 001 | 24426 | ||
| 003 | IT-RoPAU | ||
| 008 | 130308s9999 xx 000 0 und d | ||
| 040 | _aIT-RoPAU | ||
| 040 | _cIT-RoPAU | ||
| 041 | _aINGLESE | ||
| 100 | _aWilliams Raymond | ||
| 100 | _gCodice Aut. SPICS: 449 | ||
| 245 | _aLong revolution (The) | ||
| 245 | _bLong Revolution (The) | ||
| 250 | _a2a ed. | ||
| 260 | _aWESTPORT | ||
| 260 | _bGreenwood Press | ||
| 260 | _c1975 [1° Ed.:1961 - Ed.Ling.Originale:1961] | ||
| 300 | _a"384 p. (prefazione: 14; testo: 370)" | ||
| 500 | _aPensiero Creativo Analisi della Cultura immagini della Società Educazionbe e Società inglese Aumento della Lettura Pubblica Crescita della Stampa Popolare Storia Sociale Degli•Scrittori inglesi Storia Sociale delle forme drammatiche Realismo e Romanzo Contemporaneo Società inglese Anni '60 Lista dei Libri | ||
| 650 | _aSAGGI DI SOCIOLOGIA | ||
| 650 | _eCodice materia Spics: 3657 | ||
| 942 | _cBK | ||
| 957 | _71 | ||
| 999 |
_c66862 _d66862 |
||
| 999 | _bSI | ||
| 999 | _g1 | ||